Spanish Animal Alphabet - Statistics

General Stats
  • This quiz has been taken 11 times
  • The average score is 20 of 27
Answer Stats
Picture Hint Answer % Correct
E Elefante
100%
I Iguana
100%
K Koala
100%
L León
100%
M Mono
100%
T Tigre
100%
V Vaca
100%
J Jirafa
89%
P Pato
89%
R Rinoceronte
89%
S Serpiente
89%
Y Yeti
89%
A Ardilla
78%
C Cocodrilo
78%
D Delfín
78%
F Flamenco
78%
G Gorila
78%
H Hipopótamo
78%
Z Zorro
78%
N Nutria
67%
B Buitre
56%
Q Quetzal
56%
O Ornitorrinco
33%
U Urraca
33%
W Walabí
33%
Ñ Ñandú
22%
X Xenopus
0%
No matching quizzes found
Score Distribution
Percent of People with Each Score
Percentile by Number Answered
Your Score History
You have not taken this quiz